000 00318nam a22001331a 4500
020 _a9788170420996
082 _a616.891 7
_bN97
100 _aVenkoba Rao A
245 _aPsychiatry/
_cVenkoba Rao A
260 _aNew Delhi:
_bB I Churchil Livingstone,
_c1997.
300 _a256p.
650 _aPsychiatry
942 _cBK
999 _c36294
_d36294